[Event "Ptuj op 10"]
[Site "Ptuj"]
[Date "2015.10.25"]
[Round "2"]
[White "Dajcman, Aleksander"]
[Black "Polajzar, Ziga"]
[Result "1-0"]
[WhiteElo "1426"]
[BlackElo "1580"]
[PlyCount "95"]
[EventDate "2015.10.24"]
[EventType "swiss"]
[EventRounds "9"]
[EventCountry "SLO"]
[SourceTitle "CBM 169 Extra"]
[Source "ChessBase"]
[SourceDate "2015.12.18"]
[SourceVersion "1"]
[SourceVersionDate "2015.12.18"]
[SourceQuality "1"]

1. e4 e5 2. Nf3 Nc6 3. Bb5 d6 4. 0-0 Bd7 5. Nc3 Nf6 6. d3 Be7 7. Be3 0-0 8. Qe2 Bg4 9. h3 Bh5 10. g4 Bg6 11. Nh2 a6 12. Bc4 Nd4 13. Qd2 c6 14. f4 h6 15. Kh1 b5 16. Bb3 a5 17. a3 b4 18. Ne2 c5 19. f5 Bh7 20. Rg1 Rc8 21. g5 hxg5 22. Bxd4 cxd4 23. Qxg5 Ne8 24. Qg2 Qd7 25. Ng4 Bg5 26. Raf1 a4 27. Bc4 bxa3 28. bxa3 Rb8 29. Ng3 Nf6 30. Nxf6+ Bxf6 31. Nh5 Qe7 32. Nxg7 Kh8 33. Rf3 Rg8 34. Rg3 Qf8 35. Nh5 Be7 36. Rxg8+ Qxg8 37. Qe2 Qf8 38. f6 Bd8 39. Qg4 Bg6 40. Qg5 Qg8 41. Rg4 Bc7 42. Rh4 Ba5 43. Nf4+ Bh7 44. Qxg8+ Kxg8 45. Bxf7+ Kxf7 46. Rxh7+ Kg8 47. Rg7+ Kf8 48. Ne6+ 1-0

[Event "Ptuj op 10"]
[Site "Ptuj"]
[Date "2015.10.24"]
[Round "1"]
[White "Polajzar, Ziga"]
[Black "Nikolic, Stanko"]
[Result "0-1"]
[WhiteElo "1580"]
[BlackElo "1883"]
[PlyCount "36"]
[EventDate "2015.10.24"]
[EventType "swiss"]
[EventRounds "9"]
[EventCountry "SLO"]
[SourceTitle "CBM 169 Extra"]
[Source "ChessBase"]
[SourceDate "2015.12.18"]
[SourceVersion "1"]
[SourceVersionDate "2015.12.18"]
[SourceQuality "1"]

1. e4 c5 2. Nf3 Nc6 3. Be2 d6 4. 0-0 Nf6 5. Nc3 g6 6. h3 Bg7 7. Bb5 Bd7 8. Bxc6 Bxc6 9. Re1 0-0 10. d4 cxd4 11. Nxd4 Qc7 12. Bf4 Nh5 13. Bh2 Rac8 14. Rc1 Qb6 15. b3 Qxd4 16. Qxd4 Bxd4 17. Nd5 Bxd5 18. exd5 Rfe8 0-1